[Event "NEP-chB"]
[Site "Bhaktapur"]
[Date "2023.02.06"]
[Round "5"]
[White "Maharjan, Sajin"]
[Black "Napit, Balaram"]
[Result "1-0"]
[WhiteElo "1888"]
[BlackElo "1846"]
[PlyCount "61"]
[EventDate "2023.02.04"]
[EventType "swiss"]
[EventRounds "9"]
[EventCountry "NEP"]
[SourceTitle "EXT 2024"]
[Source "ChessBase"]
[SourceDate "2023.10.10"]
[SourceVersion "1"]
[SourceVersionDate "2023.10.10"]
[SourceQuality "1"]

1. e4 d5 2. exd5 Nf6 3. d4 Nxd5 4. c4 Nf6 5. Nc3 Bf5 6. Nf3 e6 7. Be2 Be7 8. Qb3 b6 9. Be3 Nbd7 10. h3 0-0 11. Nh4 Bg6 12. Nxg6 hxg6 13. Bf3 Rb8 14. Rd1 Bd6 15. 0-0 a6 16. Qa4 Qc8 17. Bc6 e5 18. Rfe1 exd4 19. Bxd4 Nc5 20. Qc2 Ne6 21. Bxf6 gxf6 22. Ne4 Be5 23. Bd7 Qb7 24. Bxe6 fxe6 25. Ng5 c5 26. Qxg6+ Kh8 27. Qh6+ Kg8 28. Re4 Rbe8 29. Nxe6 f5 30. Rxe5 Rf7 31. Qg6+ 1-0

[Event "NEP-chB"]
[Site "Bhaktapur"]
[Date "2023.02.04"]
[Round "2"]
[White "Maharjan, Sajin"]
[Black "Jaiswal, Rupesh"]
[Result "0-1"]
[WhiteElo "1888"]
[BlackElo "2130"]
[PlyCount "44"]
[EventDate "2023.02.04"]
[EventType "swiss"]
[EventRounds "9"]
[EventCountry "NEP"]
[SourceTitle "EXT 2024"]
[Source "ChessBase"]
[SourceDate "2023.10.10"]
[SourceVersion "1"]
[SourceVersionDate "2023.10.10"]
[SourceQuality "1"]

1. e4 c5 2. Nc3 d6 3. f4 g6 4. Nf3 Bg7 5. Bb5+ Bd7 6. Bc4 Nc6 7. d3 e6 8. Be3 Nge7 9. d4 d5 10. exd5 exd5 11. Be2 Nf5 12. Bf2 Ncxd4 13. Nxd5 Bc6 14. Nc3 0-0 15. 0-0 Qc7 16. Nxd4 cxd4 17. Nb5 Qxf4 18. Qd3 a6 19. Na3 Rfe8 20. Nc4 Be4 21. Qd1 Rac8 22. Bg3 Qg5 0-1

[Event "Liwali Bhaktapur Cup"]
[Site "Liwali"]
[Date "2021.03.16"]
[Round "6.1"]
[White "Maharjan, Sajin"]
[Black "Subedi, Rajan"]
[Result "1/2-1/2"]
[WhiteElo "2015"]
[BlackElo "1914"]
[PlyCount "85"]
[EventDate "2021.03.13"]
[EventType "team-swiss"]
[EventRounds "7"]
[EventCountry "NEP"]
[SourceTitle "EXT 2022"]
[Source "ChessBase"]
[SourceDate "2021.10.06"]
[SourceVersion "1"]
[SourceVersionDate "2021.10.06"]
[SourceQuality "1"]
[WhiteTeam "Lalitpur Metropolitan City"]
[BlackTeam "Damak Municipality"]
[WhiteTeamCountry "NEP"]
[BlackTeamCountry "NEP"]

1. e4 e5 2. Nf3 Nc6 3. d4 exd4 4. Nxd4 Bc5 5. Nxc6 Qf6 6. Qf3 dxc6 7. Nc3 Be6 8. Qg3 h6 9. Bd3 0-0-0 10. Be3 Bxe3 11. Qxe3 Qd4 12. Qxd4 Rxd4 13. 0-0-0 Nf6 14. f3 Rhd8 15. Be2 a6 16. Rxd4 Rxd4 17. Nd1 Kd8 18. Ne3 Ke7 19. Rd1 c5 20. a3 g6 21. c3 Rxd1+ 22. Nxd1 Nd7 23. Nf2 Ne5 24. Nd3 Nxd3+ 25. Bxd3 g5 26. Kd2 Kd6 27. Ke3 f6 28. g3 a5 29. Be2 Ke7 30. f4 Bf7 31. Bg4 Bc4 32. Kf3 Bb3 33. Bc8 Bd1+ 34. Ke3 b6 35. Ba6 Bg4 36. Bc4 Bc8 37. Bd5 Ba6 38. h4 Bc8 39. Bg8 Bd7 40. Bc4 Bc8 41. Be2 Bd7 42. Bb5 Bc8 43. Kf3 1/2-1/2

[Event "Budha Bhandari Memorial"]
[Site "Budhanilkantha"]
[Date "2019.11.14"]
[Round "9"]
[White "Maharjan, Sajin"]
[Black "Arnav, Kushwaha"]
[Result "1-0"]
[WhiteElo "2006"]
[BlackElo "1746"]
[PlyCount "49"]
[EventDate "2019.11.09"]
[EventType "swiss"]
[EventRounds "9"]
[EventCountry "NEP"]
[SourceTitle "CBM 193 Extra"]
[Source "ChessBase"]
[SourceDate "2020.01.31"]
[SourceVersion "1"]
[SourceVersionDate "2020.01.31"]
[SourceQuality "1"]

1. e4 c5 2. Nc3 d6 3. f4 g6 4. Nf3 Bg7 5. Bb5+ Bd7 6. Bc4 Nc6 7. d3 e6 8. Be3 Nd4 9. Bxd4 cxd4 10. Ne2 b5 11. Bb3 Qb6 12. 0-0 Ne7 13. Qe1 a5 14. a3 0-0 15. Qf2 e5 16. fxe5 dxe5 17. Ng5 Bh6 18. Bxf7+ Kg7 19. Qg3 Bxg5 20. Qxg5 Rxf7 21. Qxe5+ Kg8 22. Rxf7 Kxf7 23. Rf1+ Bf5 24. exf5 Nxf5 25. Qd5+ 1-0

[Event "Budha Bhandari Memorial"]
[Site "Budhanilkantha"]
[Date "2019.11.13"]
[Round "8"]
[White "Adhikari, Maheswor"]
[Black "Maharjan, Sajin"]
[Result "0-1"]
[WhiteElo "1521"]
[BlackElo "2006"]
[PlyCount "96"]
[EventDate "2019.11.09"]
[EventType "swiss"]
[EventRounds "9"]
[EventCountry "NEP"]
[SourceTitle "CBM 193 Extra"]
[Source "ChessBase"]
[SourceDate "2020.01.31"]
[SourceVersion "1"]
[SourceVersionDate "2020.01.31"]
[SourceQuality "1"]

1. e4 c5 2. Nf3 g6 3. Bc4 Bg7 4. 0-0 Nc6 5. c3 e6 6. Bb3 Nge7 7. d4 cxd4 8. cxd4 d5 9. exd5 exd5 10. Nc3 0-0 11. Bg5 f6 12. Bf4 Bg4 13. Re1 Bxf3 14. gxf3 Qd7 15. Bg3 Kh8 16. Qd2 Nf5 17. Kg2 Ncxd4 18. Bxd5 Rad8 19. Re4 Nb5 20. Rd1 Nc7 21. Qe2 Nxd5 22. Rxd5 Qf7 23. Rxd8 Rxd8 24. Rc4 Kg8 25. Rc7 Nxg3 26. Rxf7 Nxe2 27. Rxb7 Nxc3 28. bxc3 Ra8 29. c4 a5 30. c5 Rc8 31. Rb5 a4 32. Ra5 Bf8 33. Rxa4 Bxc5 34. Rc4 Rc7 35. a4 Kf7 36. a5 Ke6 37. a6 Kd5 38. Ra4 Kc6 39. f4 Kb5 40. Re4 Ra7 41. h4 Rxa6 42. f5 Ra2 43. Rf4 g5 44. hxg5 fxg5 45. Rf3 Rxf2+ 46. Rxf2 Bxf2 47. Kxf2 Kc5 48. Kg3 h5 0-1

[Event "Budha Bhandari Memorial"]
[Site "Budhanilkantha"]
[Date "2019.11.09"]
[Round "1"]
[White "Maharjan, Sajin"]
[Black "Bhandari, Pooja"]
[Result "1-0"]
[WhiteElo "2006"]
[BlackElo "1602"]
[PlyCount "56"]
[EventDate "2019.11.09"]
[EventType "swiss"]
[EventRounds "9"]
[EventCountry "NEP"]
[SourceTitle "CBM 193 Extra"]
[Source "ChessBase"]
[SourceDate "2020.01.31"]
[SourceVersion "1"]
[SourceVersionDate "2020.01.31"]
[SourceQuality "1"]

1. e4 e5 2. Nf3 Nc6 3. d4 d6 4. dxe5 Nxe5 5. Nxe5 dxe5 6. Qxd8+ Kxd8 7. Bc4 Nf6 8. Bg5 Ke8 9. Nd2 Bc5 10. 0-0-0 Rf8 11. f3 Bd7 12. Rhe1 b5 13. Bb3 a5 14. a3 b4 15. a4 Bd4 16. Nc4 Be6 17. Nxe5 Bxe5 18. f4 Bxf4+ 19. Bxf4 Bxb3 20. cxb3 h6 21. Kb1 c5 22. Bd6 Rh8 23. Bxc5 Nd7 24. Bd6 f6 25. Rd5 Ra7 26. e5 Kd8 27. Bc5 Re8 28. Bxa7 fxe5 1-0

[Event "Asian Cities-chT"]
[Site "Dhaka"]
[Date "2019.07.14"]
[Round "6.2"]
[White "Maharjan, Sajin"]
[Black "Bhandari, Kshitiz"]
[Result "1/2-1/2"]
[WhiteElo "2018"]
[BlackElo "2026"]
[PlyCount "62"]
[EventDate "2019.07.10"]
[EventType "team-swiss"]
[EventRounds "9"]
[EventCountry "BAN"]
[SourceTitle "EXT 2020"]
[Source "ChessBase"]
[SourceDate "2019.10.17"]
[SourceVersion "1"]
[SourceVersionDate "2019.10.17"]
[SourceQuality "1"]
[WhiteTeam "Lalithpur"]
[BlackTeam "Kathmandu"]
[WhiteTeamCountry "NEP"]
[BlackTeamCountry "NEP"]

1. e4 c5 2. Nc3 Nc6 3. g3 g6 4. Bg2 Bg7 5. d3 d6 6. f4 e6 7. Nf3 Nge7 8. 0-0 0-0 9. h3 Rb8 10. Ne2 b5 11. g4 Nd4 12. Ng3 Nxf3+ 13. Qxf3 Nc6 14. Kh2 Nd4 15. Qf2 b4 16. a3 b3 17. c3 Nc2 18. Rb1 Ba6 19. Qf3 Qa5 20. f5 exf5 21. gxf5 Rfe8 22. Bf4 Red8 23. Rbd1 Qc7 24. Rf2 Rd7 25. Rfd2 Bb7 26. Qf2 a5 27. Bf3 a4 28. Ne2 Bc6 29. Ng3 Bb7 30. Ne2 Bc6 31. Ng3 Bb7 1/2-1/2

[Event "Asian Cities-chT"]
[Site "Dhaka"]
[Date "2019.07.13"]
[Round "4.2"]
[White "Rahman, Md Taibur"]
[Black "Maharjan, Sajin"]
[Result "1-0"]
[WhiteElo "2203"]
[BlackElo "2018"]
[PlyCount "67"]
[EventDate "2019.07.10"]
[EventType "team-swiss"]
[EventRounds "9"]
[EventCountry "BAN"]
[SourceTitle "EXT 2020"]
[Source "ChessBase"]
[SourceDate "2019.10.17"]
[SourceVersion "1"]
[SourceVersionDate "2019.10.17"]
[SourceQuality "1"]
[WhiteTeam "Chattagram City"]
[BlackTeam "Lalithpur"]
[WhiteTeamCountry "BAN"]
[BlackTeamCountry "NEP"]

1. d4 Nf6 2. c4 g6 3. Nc3 d5 4. cxd5 Nxd5 5. e4 Nxc3 6. bxc3 Bg7 7. Qa4+ Nd7 8. Nf3 0-0 9. Bb2 c5 10. d5 f5 11. exf5 Nb6 12. Qb3 Bxf5 13. Rd1 Rc8 14. c4 Bxb2 15. Qxb2 Bg4 16. Be2 Bxf3 17. gxf3 Qd6 18. Qa3 Rf6 19. h4 Rcf8 20. h5 Nxc4 21. Bxc4 Rxf3 22. Qb2 Rxf2 23. Rd2 Rxd2 24. Qxd2 Qg3+ 25. Kd1 Qf3+ 26. Kc2 Qxh1 27. d6+ Kg7 28. Qc3+ Rf6 29. h6+ Kxh6 30. Qe3+ g5 31. dxe7 Rb6 32. Bb3 Qg2+ 33. Kc3 Qg4 34. e8Q 1-0

[Event "Asian Cities-chT"]
[Site "Dhaka"]
[Date "2019.07.12"]
[Round "3.4"]
[White "Hsu, Hsuan Ming"]
[Black "Maharjan, Sajin"]
[Result "0-1"]
[WhiteElo "1939"]
[BlackElo "2018"]
[PlyCount "108"]
[EventDate "2019.07.10"]
[EventType "team-swiss"]
[EventRounds "9"]
[EventCountry "BAN"]
[SourceTitle "EXT 2020"]
[Source "ChessBase"]
[SourceDate "2019.10.17"]
[SourceVersion "1"]
[SourceVersionDate "2019.10.17"]
[SourceQuality "1"]
[WhiteTeam "Chinese Taipei"]
[BlackTeam "Lalithpur"]
[WhiteTeamCountry "TPE"]
[BlackTeamCountry "NEP"]

1. e4 c5 2. c3 g6 3. d4 cxd4 4. Nf3 Bg7 5. Bc4 e6 6. cxd4 d5 7. exd5 exd5 8. Bb3 Nc6 9. 0-0 Nge7 10. Nc3 0-0 11. Bg5 Qd6 12. h3 Be6 13. Bxe7 Nxe7 14. Re1 Nc6 15. Ne5 Rad8 16. Nf3 Qf4 17. Ne2 Qf6 18. Qd3 Bf5 19. Qc3 Be4 20. Rad1 Bxf3 21. Qxf3 Qxf3 22. gxf3 Rfe8 23. Kg2 Bxd4 24. Nxd4 Rxe1 25. Nxc6 Rxd1 26. Nxd8 Rc1 27. Nxb7 d4 28. Nd6 d3 29. Nc4 Kg7 30. Nd2 f5 31. f4 Kf6 32. Kf3 Rh1 33. Kg2 Re1 34. Kf3 Rh1 35. Kg2 Re1 36. Kf3 Ke7 37. a3 Kd6 38. Bc4 Rh1 39. Bxd3 Rxh3+ 40. Ke2 h5 41. f3 Rh2+ 42. Ke3 h4 43. b3 h3 44. Bf1 Kc5 45. b4+ Kd5 46. a4 Rh1 47. Kf2 Kd4 48. b5 Kc3 49. a5 Kxd2 50. b6 axb6 51. axb6 h2 52. Bg2 Rb1 53. Kg3 Ke3 54. Kxh2 Kf2 0-1